Macroeconomics for business and management / (Record no. 694)
[ view plain ]
| 000 -LEADER | |
|---|---|
| fixed length control field | 00597cam a22002052 4500 |
| 001 - CONTROL NUMBER | |
| control field | 0000007159 |
| 005 - DATE AND TIME OF LATEST TRANSACTION | |
| control field | 20151021151111.0 |
| 008 - FIXED-LENGTH DATA ELEMENTS--GENERAL INFORMATION | |
| fixed length control field | 071123s xx 000 0 eng d |
| 020 ## - INTERNATIONAL STANDARD BOOK NUMBER | |
| International Standard Book Number | 8121918928 : |
| Terms of availability | KES 340 |
| 040 ## - CATALOGING SOURCE | |
| Original cataloging agency | KABU |
| Transcribing agency | KABU |
| 100 1# - MAIN ENTRY--PERSONAL NAME | |
| Personal name | Ahuja, H. L. |
| -- | 0000159176 |
| 245 10 - TITLE STATEMENT | |
| Title | Macroeconomics for business and management / |
| Statement of responsibility, etc. | H. L. Ahuja. |
| 250 ## - EDITION STATEMENT | |
| Edition statement | 2nd ed. |
| 260 ## - PUBLICATION, DISTRIBUTION, ETC. (IMPRINT) | |
| Place of publication, distribution, etc. | New Delhi : |
| Name of publisher, distributor, etc. | S. Chand, |
| Date of publication, distribution, etc. | 2002. |
| 300 ## - PHYSICAL DESCRIPTION | |
| Extent | viii, 502 p. |
| 650 #0 - SUBJECT ADDED ENTRY--TOPICAL TERM | |
| Topical term or geographic name as entry element | Macroeconomics. |
| -- | 0000149933 |
| 908 ## - PUT COMMAND PARAMETER (RLIN) | |
| Put command parameter | 071123 |
| 950 ## - LOCAL HOLDINGS (RLIN) | |
| -- | 1 |
| Withdrawn status | Lost status | Source of classification or shelving scheme | Damaged status | Not for loan | Home library | Current library | Date acquired | Total Checkouts | Full call number | Barcode | Date last seen | Date last checked out | Price effective from | Koha item type | Total Renewals | Shelving location | Copy number |
|---|---|---|---|---|---|---|---|---|---|---|---|---|---|---|---|---|---|
| Library of Congress Classification | Kabarak, Main Campus | Kabarak, Main Campus | 17/12/2015 | HB172.5 .A38 2002 | 011271 | 17/12/2015 | 17/12/2015 | General Collection | |||||||||
| Library of Congress Classification | Kabarak, Main Campus | Kabarak, Main Campus | 17/12/2015 | 35 | HB172.5 .A38 2002 | 011272 | 16/10/2025 | 02/10/2025 | 17/12/2015 | General Collection | 3 | ||||||
| Lost | Library of Congress Classification | Kabarak, Main Campus | Kabarak, Main Campus | 10/02/2016 | 9 | HB172.5 .A38 2002 c. 1 | 021841 | 07/07/2018 | 07/07/2018 | 10/02/2016 | General Collection | 1 | General Stacks | c. 1 | |||
| Lost | Library of Congress Classification | Kabarak, Nakuru City Campus | Kabarak, Nakuru City Campus | 21/10/2015 | 1 | HB172.5 .A38 2002 | 011218 | 11/07/2016 | 11/07/2016 | 21/10/2015 | General Collection |